[Event "XI Anibal Open"]
[Site "Linares ESP"]
[Date "2005.02.26"]
[Round "2"]
[White "Lorenzini,M"]
[Black "Henriksen,G"]
[Result "1-0"]
[WhiteElo "2412"]
[BlackElo "2203"]
[EventDate "2005.02.25"]

1. d4 Nf6 2. Nf3 e6 3. Bg5 c5 4. e3 Qb6 5. Qc1 Nc6 6. c3 d5 7. Nbd2 Bd7 8.
Be2 Rc8 9. O-O Be7 10. Qb1 h6 11. Bh4 O-O 12. Ne5 Nxe5 13. dxe5 Ne4 14.
Bxe7 Nxd2 15. Qc1 Nxf1 16. Bxf8 Rxf8 17. Bxf1 Bb5 18. Qd2 Bxf1 19. Rxf1 f6
20. exf6 Rxf6 21. Rd1 Rf8 22. h3 Rd8 23. Qc2 e5 24. Rd2 Kh8 25. Qd1 Qd6 26.
Qf3 b6 27. Qg3 Qf6 28. a3 a5 29. Qg4 Qd6 30. Qd1 Rd7 31. Qa4 Rd8 32. Qb5
Kg8 33. Rd3 Kh8 34. Rd2 Kg8 35. Qa4 Kh8 36. Qg4 Rd7 37. g3 Rd8 38. Qh5 Qf6
39. Kh2 Kg8 40. Qg4 Kh8 41. Qa4 Qd6 42. Qb5 Kg8 43. Kg2 Kh8 44. Qb3 Rd7 45.
Qc2 Rd8 46. Qf5 Rf8 47. Qh5 Rd8 48. Qf3 Kg8 49. Kf1 Kh8 50. Qh5 Kg8 51. Kg1
Qf6 52. Qd1 Qd6 53. Qg4 Kh8 54. Qf5 Kg8 55. Kf1 Rf8 56. Qh5 Rd8 57. Ke1 Qf6
58. Qg4 Qd6 59. Kd1 Kh8 60. Kc1 d4 61. Qe4 Qf6 62. exd4 exd4 63. cxd4 cxd4
64. f4 Qd6 65. Kb1 b5 66. g4 b4 67. axb4 Qxb4 68. Rd3 Qc4 69. g5 Qc5 70.
gxh6 gxh6 71. f5 Qd5 72. Qh4 Qh1+ 73. Ka2 Qd5+ 74. b3 Rd6 75. Qh5 Qg2+ 76.
Ka3 Qg7 77. Qe8+ Kh7 78. Qe4 Qd7 79. f6+ Kh8 80. Qg6 Qh7 81. Qe8+ Qg8 82.
f7 1-0

[Event "XI Anibal Open"]
[Site "Linares ESP"]
[Date "2005.02.26"]
[Round "2"]
[White "Valden,P"]
[Black "Guerra Bastida,D"]
[Result "0-1"]
[WhiteElo "2185"]
[BlackElo "2390"]
[EventDate "2005.02.25"]

1. c4 e5 2. Nc3 Nf6 3. g3 c6 4. Nf3 e4 5. Nd4 d5 6. cxd5 cxd5 7. Bg2 Bc5 8.
Nb3 Bb6 9. O-O Nc6 10. d3 e3 11. fxe3 Be6 12. Na4 h5 13. Nac5 h4 14. Nxe6
fxe6 15. Nd4 hxg3 16. hxg3 Nxd4 17. exd4 Bxd4+ 18. e3 Be5 19. Qa4+ Qd7 20.
Qxd7+ Kxd7 21. e4 Bd4+ 22. Rf2 Ng4 0-1

[Event "XI Anibal Open"]
[Site "Linares ESP"]
[Date "2005.02.26"]
[Round "2"]
[White "Payen,A"]
[Black "Cruz,A BOL"]
[Result "1-0"]
[WhiteElo "2384"]
[BlackElo "2185"]
[EventDate "2005.02.25"]

1. d4 Nf6 2. c4 e6 3. g3 c5 4. d5 exd5 5. cxd5 b5 6. Bg2 Bb7 7. e4 d6 8.
Nh3 g6 9. O-O Bg7 10. f4 Nfd7 11. Kh1 c4 12. Na3 Qb6 13. Nc2 Nc5 14. Nf2
Nbd7 15. Rb1 Qa5 16. a3 Nb3 17. Be3 Ndc5 18. g4 h5 19. g5 O-O-O 20. Nd4
Rhe8 21. Re1 Bxd4 22. Bxd4 Nxd4 23. Qxd4 Nb3 24. Qd1 Qb6 25. Re2 Kb8 26.
Rc2 Qe3 27. Qf3 Qb6 28. Qg3 a5 29. Rd1 a4 30. Qc3 Bc8 31. h3 Qa7 32. Re2
Re7 33. Kg1 Rde8 34. Kf1 Qc5 35. Bf3 Rb7 36. e5 Bf5 37. Kg2 Qb6 38. Be4 Qc5
39. Bf3 b4 40. axb4 Qxb4 41. Be4 Qxc3 42. bxc3 a3 43. Bxf5 gxf5 44. e6 fxe6
45. dxe6 Ra7 46. Ra2 Rxe6 47. Kf3 Ra5 48. h4 Kc7 49. Nh1 Re8 50. Ng3 Rh8
51. Nf1 Kd7 52. Ne3 Rc8 53. Rd5 Rxd5 54. Nxd5 Ke6 55. Ne3 Rb8 56. Nxc4 Kd7
57. Rxa3 Nc5 58. Ra7+ Ke6 59. Rh7 Ne4 60. Ne3 Nd2+ 61. Ke2 Rb2 62. Rh6+ Kd7
63. Nxf5 Ne4+ 64. Kd3 d5 65. c4 Rd2+ 66. Ke3 dxc4 67. Kxe4 c3 68. Ke3 Rd5
69. Rd6+ 1-0

[Event "XI Anibal Open"]
[Site "Linares ESP"]
[Date "2005.02.26"]
[Round "2"]
[White "Aloma Vidal,R"]
[Black "Rios del Moral,N"]
[Result "1-0"]
[WhiteElo "2329"]
[BlackElo "2140"]
[EventDate "2005.02.25"]

1. d4 d5 2. c4 e6 3. Nc3 f5 4. Bf4 Nf6 5. e3 c6 6. Nf3 Be7 7. Qc2 O-O 8.
Bd3 Ne4 9. g4 Qa5 10. gxf5 exf5 11. cxd5 cxd5 12. Ke2 Nc6 13. Nxd5 Bd6 14.
Bc4 Kh8 15. Nd2 Bxf4 16. Nxf4 Nb4 17. Qd1 b5 18. Bb3 Ba6 19. Rg1 Nc6 20.
Nxe4 fxe4 21. Rg4 b4+ 22. Ke1 Qb5 23. Ng6+ 1-0

[Event "XI Anibal Open"]
[Site "Linares ESP"]
[Date "2005.02.26"]
[Round "2"]
[White "Navarro,R"]
[Black "Stoumbos,K"]
[Result "1/2-1/2"]
[WhiteElo "2241"]
[BlackElo "2113"]
[EventDate "2005.02.25"]

1. e4 c6 2. d4 d5 3. Nc3 dxe4 4. Nxe4 Nf6 5. Nxf6+ gxf6 6. Ne2 Bf5 7. Ng3
Bg6 8. c3 h5 9. h4 e6 10. Be2 Qa5 11. b4 Qb6 12. Bxh5 Bxh5 13. Nxh5 Nd7 14.
a3 a5 15. Rb1 axb4 16. axb4 Ra2 17. Nf4 e5 18. Ne2 Qb5 19. Bd2 Rg8 20. g3
f5 21. Nc1 Qd5 22. O-O Ra3 23. Qe2 Be7 24. Nd3 f4 25. Kh2 Bxh4 26. Nxf4
Bxg3+ 27. fxg3 Rh8+ 28. Nh5 Ra2 29. Rf5 Qe6 30. Rbf1 exd4 31. Qd3 dxc3 32.
Qxc3 Rxh5+ 33. Rxh5 Qe2+ 34. Kg1 Qxh5 35. Re1+ Kd8 36. Qe3 Qd5 37. Re2 f6
38. Qe8+ Kc7 39. Bf4+ Ne5 40. Qe7+ Kc8 41. Qf8+ Kd7 42. Qg7+ Kc8 43. Qh8+
Kd7 44. Qh7+ Kc8 45. Qf5+ Kc7 46. Rxa2 Qxa2 47. Qxf6 Qb1+ 48. Kh2 Qh7+ 49.
Kg2 Qe4+ 50. Kf2 Qc2+ 1/2-1/2

[Event "XI Anibal Open"]
[Site "Linares ESP"]
[Date "2005.02.26"]
[Round "2"]
[White "Ortiz Fernandez Vega,A"]
[Black "Bardin,C"]
[Result "1/2-1/2"]
[WhiteElo "2138"]
[BlackElo "1831"]
[EventDate "2005.02.25"]

1. e4 e5 2. Nf3 d6 3. d4 exd4 4. Nxd4 Nf6 5. Nc3 Be7 6. Bc4 O-O 7. Bb3 Nc6
8. Nxc6 bxc6 9. O-O Be6 10. Bg5 Rb8 11. Re1 Nd7 12. Be3 a5 13. Qe2 Nb6 14.
Rad1 Bf6 15. Bxe6 fxe6 16. Qg4 Qe7 17. Bd4 Bxd4 18. Rxd4 Qf6 19. Rd2 Nc4
20. Rde2 Ne5 21. Qg3 Rxb2 22. Na4 Rb4 23. Nc3 Qf4 24. Nd1 Qxg3 25. hxg3 Rb1
26. Ne3 Rfb8 27. f4 Rxe1+ 28. Rxe1 Nd7 29. Nc4 Rb5 30. Kf2 Kf7 31. Kf3 Rc5
32. Ne3 Rb5 33. Nc4 Nb6 34. Ne3 Rb2 35. Ra1 d5 36. c3 Na4 37. exd5 cxd5 38.
c4 c6 39. Ng4 Ke7 40. Ne5 Kd6 41. Rc1 d4 42. c5+ Kd5 43. Rh1 Rxa2 44. Rxh7
Nxc5 45. Rxg7 Ra3+ 46. Ke2 a4 47. Rg8 Ra2+ 48. Kf3 Ra3+ 49. Ke2 Ra2+ 50.
Kf3 1/2-1/2

[Event "XI Anibal Open"]
[Site "Linares ESP"]
[Date "2005.02.26"]
[Round "2"]
[White "Basas Gamazo,J"]
[Black "Martos Exposito,M"]
[Result "1-0"]
[WhiteElo "2040"]
[BlackElo "2130"]
[EventDate "2005.02.25"]

1. e4 e6 2. d4 b6 3. Nc3 Bb7 4. Bd3 g6 5. f4 Bg7 6. Nf3 Ne7 7. O-O d6 8. f5
Nbc6 9. fxe6 fxe6 10. d5 Nd4 11. Be3 Nxf3+ 12. Qxf3 Kd7 13. Qh3 Qg8 14. Rf2
Re8 15. Raf1 a6 16. Rf7 Kd8 17. Bg5 Bd4+ 18. Kh1 Bc8 19. Qh4 exd5 20. Bxe7+
Kd7 21. exd5 h6 22. Qg4+ 1-0

[Event "XI Anibal Open"]
[Site "Linares ESP"]
[Date "2005.02.26"]
[Round "2"]
[White "Szymanska,M"]
[Black "Diaz Luque,F"]
[Result "1/2-1/2"]
[WhiteElo "2108"]
[BlackElo "2032"]
[EventDate "2005.02.25"]

1. d4 Nf6 2. c4 c5 3. d5 b5 4. Qc2 Bb7 5. e4 bxc4 6. Bxc4 Qc7 7. Nf3 g6 8.
Nc3 d6 9. Bf4 Nbd7 10. O-O a6 11. a4 Bg7 12. h3 O-O 13. a5 Rfb8 14. Rfe1
Ne8 15. Re2 Bc8 16. b3 Rb4 17. Ra3 Rab8 18. Na2 R4b7 19. Bxa6 Ra7 20. Bxc8
Qxc8 21. Nc1 Rb5 22. Bd2 Qa8 23. Ra4 Nc7 24. Re1 Qb8 25. Ra3 Na6 26. Nd3
Nb4 27. Qc4 Nxd3 28. Qxd3 Bb2 29. Ra2 Rxb3 30. Qc4 Bg7 31. Rc1 Ne5 32. Nxe5
Bxe5 33. Qa4 Rb1 34. Qc2 Rb5 35. Qd3 Rb3 36. Qc2 Rb5 37. Qd3 Rb3 1/2-1/2

[Event "XI Anibal Open"]
[Site "Linares ESP"]
[Date "2005.02.26"]
[Round "2"]
[White "Gadeo Colomina,F"]
[Black "Espasa Gonzalez,J"]
[Result "1-0"]
[WhiteElo "2088"]
[BlackElo "2008"]
[EventDate "2005.02.25"]

1. d4 Nf6 2. Nf3 g6 3. c4 Bg7 4. Nc3 O-O 5. e4 d6 6. h3 Nbd7 7. Bg5 h6 8.
Be3 c5 9. d5 a6 10. a4 Qa5 11. Bd2 Qc7 12. Bd3 Re8 13. O-O Rb8 14. Re1 Nh5
15. g4 Nhf6 16. Bf4 Nh7 17. Rc1 Ne5 18. Bf1 Qd7 19. Bg3 Kh8 20. Nxe5 dxe5
21. f4 exf4 22. Bxf4 Ra8 23. e5 e6 24. Bg2 Ra7 25. Ne4 b6 26. Nd6 Re7 27.
Qd2 g5 28. Bg3 Nf8 29. Rcd1 Ng6 30. Nxc8 Qxc8 31. d6 Red7 32. Qe3 Nf8 33.
Qb3 Qb8 34. Qe3 Rd8 35. Rf1 Kg8 36. Rd2 Ng6 37. Kh1 Qc8 38. Rdf2 Rad7 39.
Re2 a5 40. Qb3 Qb8 41. Qe3 Qc8 42. Qe4 Nf8 43. Re3 Qb8 44. Rb3 Qa7 45. Rff3
Qb7 46. Qe3 Qb8 47. h4 Nh7 48. h5 Nf8 49. Rb5 Ra7 50. Qf2 Rdd7 51. Rfb3
Rdb7 52. Bxb7 Rxb7 53. Qg2 Nd7 54. Qe4 Ra7 55. Rf3 Qb7 56. Qxb7 Rxb7 57.
Re3 Kf8 58. Kg2 Ke8 59. Kf3 Nb8 60. Ke4 Kd7 61. Reb3 Kc6 62. Rf3 Na6 63.
Rbb3 Nb4 64. Rbc3 Rd7 65. Rf1 f5+ 66. gxf5 exf5+ 67. Rxf5 Nd5 68. cxd5+ 1-0

[Event "XI Anibal Open"]
[Site "Linares ESP"]
[Date "2005.02.27"]
[Round "3"]
[White "Korneev,O"]
[Black "Rodriguez Guerrero,E"]
[Result "1/2-1/2"]
[WhiteElo "2602"]
[BlackElo "2430"]
[EventDate "2005.02.25"]

1. e4 e6 2. d4 d5 3. Nc3 Bb4 4. e5 Ne7 5. a3 Bxc3+ 6. bxc3 c5 7. Qg4 O-O 8.
Bd3 f5 9. exf6 Rxf6 10. Bg5 Rf7 11. Qh5 g6 12. Qd1 Qa5 13. Bd2 Nbc6 14. Nf3
Qc7 15. O-O e5 16. Ng5 Rf8 17. c4 cxd4 18. cxd5 Nxd5 19. Bc4 Nce7 20. Bb3
h6 21. Ne4 Kh7 22. Re1 1/2-1/2

[Event "XI Anibal Open"]
[Site "Linares ESP"]
[Date "2005.02.27"]
[Round "3"]
[White "Dziuba,M"]
[Black "Sorokin,M"]
[Result "0-1"]
[WhiteElo "2416"]
[BlackElo "2578"]
[EventDate "2005.02.25"]

1. d4 Nf6 2. c4 e6 3. Nf3 d5 4. Nc3 dxc4 5. e3 a6 6. a4 c5 7. Bxc4 Nc6 8.
O-O Be7 9. dxc5 Qxd1 10. Rxd1 Bxc5 11. Bd2 b6 12. Bd3 Nb4 13. Be2 a5 14.
Nb5 Ke7 15. Nfd4 Bb7 16. f3 Rhd8 17. Kf1 e5 18. Nf5+ Kf8 19. e4 Ne8 20. Be3
Na6 21. Bxc5+ Nxc5 22. Ne3 Rxd1+ 23. Bxd1 Bc6 24. Nc4 Bxb5 25. axb5 Nd7 26.
b4 Rc8 27. Nxb6 Nxb6 28. bxa5 Ra8 29. Bb3 Nd6 30. Ra2 Nd7 31. Bd5 Ra7 32.
b6 Ra6 33. b7 Ke7 34. f4 f6 35. Rb2 Nb8 36. Rc2 Kd8 37. fxe5 fxe5 38. Be6
Rc6 39. a6 Nb5 40. Rxc6 Nxc6 41. Bc4 Nba7 42. Kf2 Kc7 43. Kg3 Kb6 44. Kg4
Kc5 45. Bd5 Nb8 46. Kf5 Kd4 47. Ke6 Nxa6 48. Kf7 g5 49. Kf6 g4 50. Kg5 g3
51. hxg3 Nb5 52. Bg8 Nd6 53. Bxh7 Nxb7 54. Kh4 Nac5 55. g4 Nd6 56. g5 Ndxe4
57. g4 Ne6 58. g6 Ng7 59. Bg8 Ke3 60. Bc4 Kf4 61. Bd3 Ng5 62. Bc2 Nf3+ 63.
Kh3 Ne1 64. Bb1 Ke3 65. Kh4 Kf4 66. Kh3 Nf3 67. Bc2 Ng5+ 68. Kh4 e4 69.
Bxe4 Nxe4 70. g5 Kf3 71. Kh3 Ng3 72. Kh2 N3f5 73. Kh3 Ne7 74. Kh2 Nxg6 75.
Kg1 Ke2 76. Kg2 Nh5 77. Kh3 Kf3 78. Kh2 Nhf4 79. Kg1 Ke2 80. Kh2 Kf2 81.
Kh1 Ne5 0-1

[Event "XI Anibal Open"]
[Site "Linares ESP"]
[Date "2005.02.27"]
[Round "3"]
[White "Cheparinov,I"]
[Black "Szymanski,M"]
[Result "1-0"]
[WhiteElo "2572"]
[BlackElo "2422"]
[EventDate "2005.02.25"]

1. e4 e6 2. d4 d5 3. Nc3 Bb4 4. e5 c5 5. a3 Bxc3+ 6. bxc3 Ne7 7. Qg4 Qc7 8.
Qxg7 Rg8 9. Qxh7 cxd4 10. Ne2 Nbc6 11. f4 Bd7 12. Qd3 dxc3 13. Nxc3 a6 14.
Rb1 Na5 15. h4 Nf5 16. Rh3 O-O-O 17. h5 Bc6 18. Rb4 f6 19. exf6 Qf7 20. Ne2
Bb5 21. Qf3 d4 22. h6 Qxf6 23. h7 Rh8 24. g4 Nh4 25. Qe4 Bc6 26. Qd3 Nf3+
27. Rxf3 Bxf3 28. Qxf3 Rxh7 29. Bg2 Rc7 30. Bb2 Rxc2 31. Nxd4 Rxb2 32. Qc3+
Nc6 33. Bxc6 Rxb4 34. Bf3+ Rc4 35. Qxc4+ Kb8 36. Qb4 Rd7 37. Nc6+ Ka8 38.
g5 Qh8 39. Qc5 Qh4+ 40. Qf2 Qxf2+ 41. Kxf2 Rg7 42. Nd8 e5 43. Ne6 1-0

[Event "XI Anibal Open"]
[Site "Linares ESP"]
[Date "2005.02.27"]
[Round "3"]
[White "Burmakin,V"]
[Black "Lorenzini,M"]
[Result "0-1"]
[WhiteElo "2554"]
[BlackElo "2412"]
[EventDate "2005.02.25"]

1. d4 Nf6 2. c4 e6 3. g3 d5 4. Nf3 c6 5. Qc2 Nbd7 6. Bg2 Bd6 7. O-O O-O 8.
Nbd2 Re8 9. Rd1 Qe7 10. e4 Nxe4 11. Nxe4 dxe4 12. Qxe4 e5 13. Re1 Qf8 14.
Qe2 Re7 15. Bg5 f6 16. c5 Bc7 17. Bf4 Qf7 18. Rad1 Nf8 19. dxe5 Ng6 20. Be3
Nxe5 21. Nxe5 Rxe5 22. b4 Be6 23. a4 Bb3 24. Ra1 a6 25. b5 Bc4 26. Qg4 h5
27. Qh3 axb5 28. axb5 Rxa1 29. Rxa1 Be6 30. Ra8+ Kh7 31. Qh4 Bg4 32. b6
Rxe3 33. fxe3 g5 34. Be4+ Kg7 35. Qxg4 hxg4 36. bxc7 Qxc7 37. Kf2 Qe5 38.
Bd3 Qxc5 39. Rd8 b5 40. Rd7+ Kf8 41. Bg6 Qc3 42. Bf5 b4 43. Bxg4 Qc2+ 44.
Kf3 b3 0-1

[Event "XI Anibal Open"]
[Site "Linares ESP"]
[Date "2005.02.27"]
[Round "3"]
[White "De la Villa Garcia,J"]
[Black "Payen,A"]
[Result "0-1"]
[WhiteElo "2470"]
[BlackElo "2384"]
[EventDate "2005.02.25"]

1. e4 e5 2. Nf3 Nc6 3. Bb5 Nf6 4. O-O Nxe4 5. d4 Be7 6. Qe2 Nd6 7. Bxc6
dxc6 8. dxe5 Nf5 9. Rd1 Bd7 10. g4 Nh4 11. Nxh4 Bxh4 12. g5 Qe7 13. Qh5 Qb4
14. Nd2 Qg4+ 15. Qxg4 Bxg4 16. f3 Bh5 17. Nb3 h6 18. gxh6 gxh6 19. Rd4 Be7
20. Kf2 Rd8 21. Rxd8+ Kxd8 22. Bf4 Bg6 23. c3 Kc8 24. Nd2 Kd7 25. b4 c5 26.
Nb3 b6 27. bxc5 bxc5 28. Na5 a6 29. Rd1+ Ke6 30. Nc6 Bg5 31. Be3 Bc2 32.
Rd2 Ba4 33. Na5 Kxe5 34. f4+ Bxf4 35. Nc4+ Ke4 36. Bxf4 Kxf4 37. Rd5 Re8
38. Rxc5 f5 39. Nb2 Bc2 40. Rxc7 Be4 41. Nc4 Bd3 42. Kg2 Re2+ 43. Kg1 Kf3
44. h4 f4 45. Na5 Kg3 46. Rg7+ Kh3 0-1

[Event "XI Anibal Open"]
[Site "Linares ESP"]
[Date "2005.02.27"]
[Round "3"]
[White "De la Paz,F"]
[Black "Aloma Vidal,R"]
[Result "0-1"]
[WhiteElo "2466"]
[BlackElo "2329"]
[EventDate "2005.02.25"]

1. e4 c5 2. Nf3 g6 3. d3 Bg7 4. g3 Nc6 5. Bg2 d6 6. O-O Nf6 7. Nbd2 O-O 8.
Re1 Rb8 9. Nf1 b5 10. h3 a5 11. a4 bxa4 12. Rxa4 Nd7 13. c3 Nb6 14. Ra3 a4
15. Ne3 Na5 16. Nd5 Bd7 17. Bg5 Re8 18. Qc1 Bb5 19. d4 Nb3 20. Qd1 Nc4 21.
Ra2 h6 22. Bf4 e6 23. Ne3 g5 24. Nxc4 gxf4 25. Na3 fxg3 26. Nxb5 gxf2+ 27.
Kxf2 Rxb5 28. Rxa4 cxd4 29. cxd4 Qb6 30. Kg3 Rb4 31. Rxb4 Qxb4 32. e5 Rd8
33. Re3 Na5 34. Qc2 Qb8 35. Re4 Rc8 36. Qe2 Nc4 37. Bf1 Nxb2 38. Rg4 Kh8
39. Qe4 dxe5 40. Nxe5 f5 0-1

[Event "XI Anibal Open"]
[Site "Linares ESP"]
[Date "2005.02.27"]
[Round "3"]
[White "Guerra Bastida,D"]
[Black "Maze,S"]
[Result "1/2-1/2"]
[WhiteElo "2390"]
[BlackElo "2455"]
[EventDate "2005.02.25"]

1. e4 c5 2. Nf3 Nc6 3. d4 cxd4 4. Nxd4 e5 5. Nb5 d6 6. N1c3 a6 7. Na3 Be7
8. Be3 Rb8 9. Nd5 b5 10. c4 b4 11. Nc2 Nf6 12. Bd3 Nd7 13. O-O Nc5 14. a3
a5 15. axb4 axb4 16. Bxc5 dxc5 17. Be2 Be6 18. Bg4 Qd7 19. Nce3 g6 20. Qa4
h5 21. Nxe7 Kxe7 22. Nd5+ Kf8 23. Bxe6 Qxe6 24. Nc7 Qd6 25. Nb5 Qe6 26. Nc7
1/2-1/2

[Event "XI Anibal Open"]
[Site "Linares ESP"]
[Date "2005.02.27"]
[Round "3"]
[White "Navarro Torres,P"]
[Black "Fernandez Romero,Ern"]
[Result "0-1"]
[WhiteElo "2232"]
[BlackElo "2469"]
[EventDate "2005.02.25"]

1. d4 Nf6 2. c4 d6 3. Nc3 e5 4. dxe5 dxe5 5. Qxd8+ Kxd8 6. e4 c6 7. f4 Nfd7
8. Nf3 f6 9. fxe5 Nxe5 10. Nxe5 fxe5 11. Be3 Be6 12. O-O-O+ Kc7 13. Be2 Nd7
14. h3 b6 15. Rhf1 Bc5 16. Bxc5 Nxc5 17. b4 Nd7 18. Bg4 Bxg4 19. hxg4 Rhf8
20. Kd2 Rxf1 21. Rxf1 Rf8 22. Rf5 g6 23. Rxf8 Nxf8 24. b5 Ne6 25. bxc6 Kxc6
26. Nd5 Kc5 27. Kc3 Nd4 28. Kd3 Ne6 29. Kc3 Ng5 30. Kd3 Nf7 31. a3 Ng5 32.
Nf6 Kd6 33. Nd5 Ne6 34. g3 Nc5+ 35. Ke3 Na4 36. Kd3 Nb2+ 37. Kc3 Nd1+ 38.
Kd2 Nf2 39. Nf6 Ke6 40. g5 h6 41. Ke2 Nh3 42. Nd5 Nxg5 43. Ke3 Nf7 44. Nc7+
Kd7 45. Nb5 Nd6 0-1

[Event "XI Anibal Open"]
[Site "Linares ESP"]
[Date "2005.02.27"]
[Round "3"]
[White "Ortega Ruiz,J"]
[Black "Candela Perez,J"]
[Result "0-1"]
[WhiteElo "2278"]
[BlackElo "2431"]
[EventDate "2005.02.25"]

1. d4 Nf6 2. c4 g6 3. Nc3 Bg7 4. e4 O-O 5. Nf3 d6 6. Be2 Na6 7. O-O e5 8.
Re1 c6 9. Bf1 Bg4 10. d5 cxd5 11. cxd5 Ne8 12. h3 Bd7 13. Qb3 Nc5 14. Qa3
f5 15. Ng5 a5 16. Be3 f4 17. Bxc5 Qxg5 18. Bxd6 Nxd6 19. Qxd6 Bxh3 20. f3
Rfc8 21. Qa3 b5 22. d6 b4 23. Qb3+ Kh8 24. Nb5 Bf6 25. g4 fxg3 26. Bxh3 Qd2
27. Bg2 Rc2 0-1

[Event "XI Anibal Open"]
[Site "Linares ESP"]
[Date "2005.02.27"]
[Round "3"]
[White "Del Rio Angelis,S"]
[Black "Kokolias,K"]
[Result "1-0"]
[WhiteElo "2502"]
[BlackElo "2137"]
[EventDate "2005.02.25"]

1. d4 d5 2. c4 c6 3. Nf3 Nf6 4. Nc3 dxc4 5. e3 b5 6. a4 b4 7. Na2 e6 8.
Bxc4 Nbd7 9. O-O Bb7 10. Qe2 Be7 11. Bd2 a5 12. Rfd1 O-O 13. Nc1 Qb6 14.
Nb3 Rac8 15. Be1 c5 16. Bb5 cxd4 17. Nfxd4 Rfd8 18. f3 Nc5 19. Bf2 Nfd7 20.
e4 Qa7 21. Nxe6 1-0

[Event "XI Anibal Open"]
[Site "Linares ESP"]
[Date "2005.02.27"]
[Round "3"]
[White "Komljenovic,D"]
[Black "San Martin Ramos,L"]
[Result "1/2-1/2"]
[WhiteElo "2492"]
[BlackElo "2135"]
[EventDate "2005.02.25"]

1. d4 Nf6 2. c4 g6 3. Nc3 Bg7 4. e4 d6 5. Nf3 O-O 6. h3 e5 7. d5 a5 8. Bg5
Na6 9. Bd3 Qe8 10. g4 Nd7 11. Rg1 Ndc5 12. Bc2 Kh8 13. Nh4 Nb4 14. Bb1 f5
15. gxf5 gxf5 16. a3 Nba6 17. exf5 e4 18. Be3 Bxf5 19. Rxg7 Kxg7 20. Nxf5+
Rxf5 21. b4 Nd3+ 22. Bxd3 exd3 23. Qxd3 Qg6 24. Kd2 axb4 25. axb4 Rxf2+ 26.
Bxf2 Qxd3+ 27. Kxd3 Nxb4+ 28. Ke4 Rxa1 29. Nb5 Rc1 30. c5 Nxd5 31. Kxd5 c6+
32. Ke6 dxc5 33. Nd6 b5 34. Ne4 Rc2 35. Bxc5 Rc4 36. Kf5 b4 37. Be7 b3 38.
Bf6+ Kg8 39. Bc3 Ra4 40. Nf6+ Kf7 41. Nxh7 Rb4 42. Ng5+ Ke8 43. Bb2 Rc4 44.
Ke6 Rc2 45. Bg7 b2 46. Bxb2 Rxb2 47. Kd6 Rc2 48. Ne6 Rc1 49. h4 Rh1 50. h5
Kf7 51. Nc5 Rxh5 52. Kxc6 Ke7 53. Nd3 Rh2 54. Nc5 Rd2 55. Ne4 Rd4 56. Nc5
1/2-1/2

[Event "XI Anibal Open"]
[Site "Linares ESP"]
[Date "2005.02.27"]
[Round "3"]
[White "Stoumbos,K"]
[Black "Javakhishvili,L"]
[Result "0-1"]
[WhiteElo "2113"]
[BlackElo "2456"]
[EventDate "2005.02.25"]

1. e4 c5 2. Nf3 Nc6 3. d4 cxd4 4. Nxd4 Qc7 5. Nc3 e6 6. Be3 a6 7. Bd3 Nf6
8. O-O Ne5 9. h3 Bc5 10. Kh1 d6 11. f4 Ng6 12. Qe1 Bd7 13. f5 Ne5 14. Qh4
Qb6 15. Nce2 O-O-O 16. b4 Qxb4 17. Rab1 Qa4 18. Rb3 Nxd3 19. cxd3 e5 20.
Nc3 Qa5 21. Nc2 Bc6 22. d4 exd4 23. Nxd4 Ba4 24. Nxa4 Qxa4 25. Rc1 Rhe8 26.
Qg5 Kb8 27. Rxc5 dxc5 28. Qf4+ Ka8 29. Qc7 Rd7 30. Qxc5 Nxe4 31. Qb6 Ng3+
32. Kg1 Rxe3 33. Rxe3 Qd1+ 0-1

[Event "XI Anibal Open"]
[Site "Linares ESP"]
[Date "2005.02.27"]
[Round "3"]
[White "Kaza,P"]
[Black "Matnadze,A"]
[Result "0-1"]
[WhiteElo "2097"]
[BlackElo "2376"]
[EventDate "2005.02.25"]

1. e4 c5 2. Nf3 d6 3. d4 cxd4 4. Nxd4 Nf6 5. Nc3 Nc6 6. f4 Bd7 7. Nf3 e6 8.
Bd3 Qb6 9. Qe2 Be7 10. Rb1 a6 11. Be3 Qc7 12. a4 Nb4 13. O-O Ng4 14. Bd2 h5
15. Kh1 Rc8 16. Rbe1 Bc6 17. Nd4 Nxd3 18. cxd3 Qb6 19. Nxc6 bxc6 20. a5
Qxa5 21. Nd5 Qb5 22. Nxe7 Kxe7 23. e5 Rcd8 24. h3 Nh6 25. Qf3 Nf5 26. Rc1
dxe5 27. Rxc6 Rxd3 28. Bb4+ Kd7 29. Rfc1 Rd8 30. Rc7+ Ke8 31. Rb7 Rxf3 32.
Rxb5 axb5 33. gxf3 exf4 34. Rc5 Rd1+ 35. Kg2 Rd5 36. Rc7 g5 0-1

[Event "XI Anibal Open"]
[Site "Linares ESP"]
[Date "2005.02.27"]
[Round "3"]
[White "Vila Gazquez,Ja"]
[Black "Martin Blanco,F"]
[Result "1-0"]
[WhiteElo "2307"]
[BlackElo "2093"]
[EventDate "2005.02.25"]

1. e4 e6 2. d4 d5 3. Nc3 Bb4 4. e5 c5 5. a3 Bxc3+ 6. bxc3 Qc7 7. Qg4 f5 8.
Qh5+ g6 9. Qd1 cxd4 10. cxd4 Bd7 11. Nf3 Ne7 12. Bd3 Nbc6 13. Bd2 Rc8 14.
h4 h6 15. Rg1 h5 16. Qb1 Na5 17. a4 Nc4 18. Bb4 Nc6 19. g3 Nxb4 20. Qxb4
Qa5 21. Qxa5 Nxa5 22. Ke2 Ke7 23. Rgb1 Rc3 24. Rb4 Rhc8 25. Kd2 b6 26. Ng1
R3c7 27. Ne2 Nc4+ 28. Kd1 Be8 29. Nf4 Rc6 30. Ra2 R6c7 31. Ke2 Kf7 32. Rb1
Bd7 33. f3 Na5 34. Rh1 Nc6 35. c3 Na5 36. Ba6 Rh8 37. Kd2 Nc4+ 38. Bxc4
Rxc4 39. a5 b5 40. Nd3 Ke7 41. Rb1 Rb8 42. Rb4 Rcc8 43. Nc5 Rg8 44. Ke3 g5
45. hxg5 Rxg5 46. Kf4 Rg7 47. Rh2 Be8 48. Rb1 Bf7 49. Rh3 Be8 50. Ke3 Ra8
51. Rb2 a6 52. Rbh2 1-0

[Event "XI Anibal Open"]
[Site "Linares ESP"]
[Date "2005.02.27"]
[Round "3"]
[White "Gadeo Colomina,F"]
[Black "Taboas Rodriguez,D"]
[Result "0-1"]
[WhiteElo "2088"]
[BlackElo "2302"]
[EventDate "2005.02.25"]

1. d4 Nf6 2. Nf3 d5 3. Bf4 c5 4. e3 Qb6 5. Qc1 Bf5 6. c3 Nbd7 7. Nh4 Be6 8.
Bd3 Nh5 9. Bg3 g6 10. Nd2 Bg7 11. Ndf3 f6 12. Qd2 Bf7 13. O-O e6 14. Ne1
O-O 15. Nhf3 Nxg3 16. hxg3 e5 17. e4 f5 18. Nxe5 Nxe5 19. dxe5 dxe4 20. Be2
Bxe5 21. Qc1 Rad8 22. Nc2 c4 23. Ne3 Qc5 24. Rd1 a6 25. a4 Bc7 26. Rd4 Be5
27. Rd2 Bf6 28. a5 Rxd2 29. Qxd2 Rd8 30. Qe1 Bg5 31. Bf1 Bxe3 32. fxe3 g5
33. Qf2 Kg7 34. Ra4 Rd7 35. Ra1 Qb5 36. Ra3 Rd1 37. b4 cxb3 0-1

[Event "XI Anibal Open"]
[Site "Linares ESP"]
[Date "2005.02.27"]
[Round "3"]
[White "Vilarnovo Caamano,J"]
[Black "Vuilleumier,A"]
[Result "0-1"]
[WhiteElo "2088"]
[BlackElo "2280"]
[EventDate "2005.02.25"]

1. d4 Nf6 2. c4 c5 3. Nf3 cxd4 4. Nxd4 e5 5. Nb5 d5 6. cxd5 Bc5 7. e3 O-O
8. Bc4 a6 9. N5c3 b5 10. Bb3 e4 11. Ne2 Nbd7 12. O-O Ne5 13. Nbc3 b4 14.
Na4 Bd6 15. f4 exf3 16. gxf3 g5 17. Ng3 g4 18. f4 Nf3+ 19. Kh1 h5 20. Qd3
Re8 21. Bc2 Bb7 22. Nxh5 Ne4 23. Rxf3 gxf3 24. Qd4 Re5 25. Bxe4 Rxh5 26.
Bxf3 Qh4 27. Bxh5 Qxh5 28. Kg1 Qf3 29. b3 Kh7 30. Qd3+ Kh6 0-1

[Event "XI Anibal Open"]
[Site "Linares ESP"]
[Date "2005.02.27"]
[Round "3"]
[White "Parfjonov,P"]
[Black "Carruana Fuentes,R"]
[Result "1-0"]
[WhiteElo "2262"]
[BlackElo "2086"]
[EventDate "2005.02.25"]

1. Nf3 Nf6 2. d4 e6 3. Bg5 c5 4. e3 Be7 5. Nbd2 b6 6. Bd3 Bb7 7. c3 h6 8.
Bh4 d6 9. Qe2 Nbd7 10. O-O O-O 11. a4 a5 12. e4 Nh5 13. Bg3 Nxg3 14. hxg3
e5 15. dxe5 Nxe5 16. Bb5 Qc7 17. Nh2 Bc6 18. f4 Bxb5 19. axb5 Ng6 20. Nc4
f5 21. exf5 Nh8 22. Ne3 Rae8 23. Qc4+ Nf7 24. Nd5 Qb7 25. Rae1 Bd8 26. Re6
Kh8 27. Rfe1 Qd7 28. Qe4 Rxe6 29. fxe6 Qb7 30. c4 Re8 31. exf7 1-0

[Event "XI Anibal Open"]
[Site "Linares ESP"]
[Date "2005.02.27"]
[Round "3"]
[White "Gerona Maura,J"]
[Black "Karim,I"]
[Result "0-1"]
[WhiteElo "2045"]
[BlackElo "2249"]
[EventDate "2005.02.25"]

1. e4 g6 2. d4 Bg7 3. Nc3 d6 4. g3 Nc6 5. Be3 e5 6. Nge2 Bg4 7. Qd2 Bf3 8.
Rg1 Nf6 9. Bg2 Bxg2 10. Rxg2 Ng4 11. O-O-O Nxe3 12. fxe3 O-O 13. d5 Nb8 14.
g4 Nd7 15. Rdg1 h6 16. Ng3 Kh8 17. Qf2 a6 18. Nge2 Bf6 19. Qf3 b5 20. Ng3
Nc5 21. h4 Bxh4 22. Rh1 Bg5 23. Rgh2 Kg7 24. Rf1 b4 25. Nce2 f6 26. Nf4
exf4 27. exf4 Qe7 28. Rfh1 Rh8 29. fxg5 hxg5 30. Rxh8 Rxh8 31. Rxh8 Kxh8
32. c3 a5 33. Kc2 Kg7 34. Qe3 Qd7 35. cxb4 axb4 36. e5 Qe7 37. e6 Qe8 38.
b3 c6 39. Ne4 cxd5 40. Nxd6 Qc6 41. e7 Ne4+ 42. Nc4 dxc4 0-1